Tilastot visalle Lintulaji levinneisyyskartan perusteella

Klikkaa tästä pelataksesi tätä visaa!

Yleistilastot

  • Tätä visaa on pelattu 72 kertaa
  • Keskiarvotulos 9 / 16

Vastaustilastot

Vastaus% Oikein
Kiiruna
85%
Sinipyrstö
81%
Lapintiira
81%
Rantakurvi
77%
Etelänkiisla
68%
Sepelsieppo
65%
Koskikara
58%
Tundrahanhi
52%
Viitakerttunen
52%
Virta-alli
50%
Isohaarahaukka
50%
Varpunen
42%
Tunturikiuru
39%
Kaakkuri
24%
Tilhi
24%
Kettusirkku
15%

Tulosjakauma

Persentiili vastausten määrän mukaan

Jokaisen tuloksen saaneiden osuus

Tuloshistoriasi

Et ole pelannut tätä visaa